| 000 | 00935nam a2200301 i 4500 | ||
|---|---|---|---|
| 003 | EG-GICUC | ||
| 005 | 20260203172739.0 | ||
| 008 | 260203s1986 us |||fr||||| 000 0enga d | ||
| 020 | _a0943182042 | ||
| 040 |
_aEG-GiCUC _beng _cEG-GiCUC _dEG-GiCUC _eRda |
||
| 082 | 0 | 4 |
_221 _a341.28 _bMO . R |
| 092 | 0 | 4 | _221 |
| 099 | _aLaw1 11 341.28 MO . R 1986 | ||
| 100 | 1 |
_aMohammad Tarbush _eAuthor. |
|
| 245 | 1 | 0 |
_aReflections of a Palestinian / _n _cMohammad Tarbush. _b |
| 264 | 1 |
_aWashington : _bAmerican-arab Affairs Council, _c1986. |
|
| 300 |
_a97page : _billustration ; _c 24 cm. |
||
| 336 |
_2rda contenu _a texte |
||
| 337 |
_2rda medias _aOrdinateur |
||
| 338 |
_2 transporteur rda _a Ressource en ligne |
||
| 504 | _a | ||
| 546 | _aText in English | ||
| 650 | 1 | 4 |
_aPublic international law _2 |
| 651 | 1 | _2 | |
| 856 | 4 | 0 | _uhttps://fll.law.cu.edu.eg/fulltext/bks/B11-06687.pdf |
| 905 | _a50 | ||
| 942 |
_2ddc _cBK _e21 _n0 |
||
| 999 |
_c60717 _d60717 |
||